La enseñanza programada
Na minha lista:
| Autor principal: | |
|---|---|
| Formato: | Livro |
| Idioma: | espanhol |
| Publicado em: |
Barcelona
Teide
1966
|
| Assuntos: | |
| Tags: |
Adicionar Tag
Sem tags, seja o primeiro a adicionar uma tag!
|
MARC
| LEADER | 00000nam a2200000 a 4500 | ||
|---|---|---|---|
| 001 | UCU0422 | ||
| 003 | CL-VaPUC | ||
| 008 | 960322e19660000SP |||||||||||||||||spa|d | ||
| 082 | 0 | 4 | |a 371.394 |b DEC |2 21 |
| 100 | 0 | |a Décote, Georges |e author |9 355557 | |
| 245 | 1 | 3 | |a La enseñanza programada |
| 300 | |a 173 p | ||
| 942 | |c BK | ||
| 945 | |d 19960322 00:00:00 |a cmena | ||
| 260 | |a Barcelona |b Teide |c 1966 | ||
| 650 | 7 | |a ENSEÑANZA PROGRAMADA |2 CL-VaPUC |9 263217 | |
| 650 | 0 | |a Psicología educacional |9 307830 | |
| 650 | 7 | |a MAQUINAS DE ENSEÑAR |2 CL-VaPUC |9 308948 | |
| 650 | 0 | |a Métodos de enseñanza |9 270413 | |
| 650 | 0 | |a Innovaciones pedagógicas |9 307471 | |
| 651 | 0 | |a Francia |9 255157 | |
| 651 | 0 | |a España |9 254926 | |
| 583 | |a last modification |c 19960322 00:00:00 |k Rodrigo Vera | ||
| 999 | |c 245277 |d 245275 | ||
| 952 | |0 0 |1 0 |4 0 |6 371_394000000000000_DEC_1966 |7 0 |8 P |9 259738 |a BIBEDU |b BIBEDU |c BIBEDU_PB |d 2019-11-19 |i 163447K |o 371.394 DEC 1966 |p 163447K |r 2024-01-25 |w 2019-11-19 |y BK |k EDU | ||